[Event "Gibraltar Open"]
[Site "Caleta ENG"]
[Date "2012.01.25"]
[Round "2.81"]
[White "Thornton, John D"]
[Black "Sanchez, Louis"]
[Result "0-1"]
[BlackTitle "FM"]
[WhiteElo "2050"]
[BlackElo "2261"]
[WhiteFideId "1800663"]
[BlackFideId "624225"]
[EventDate "2012.01.24"]

1. c4 d6 2. g3 e5 3. Bg2 Nf6 4. Nc3 g6 5. e4 Bg7 6. Nge2 Nc6 7. d3 O-O 8. O-O
Nh5 9. f4 f5 10. exf5 Bxf5 11. Nd5 Qd7 12. Be3 Rae8 13. Qd2 exf4 14. Nexf4 Nxf4
15. Bxf4 Ne5 16. Ne3 Nxd3 17. Nxf5 Nxf4 18. Nxg7 Re2 19. Bd5+ Kh8 20. Qc3 Rg2+
21. Bxg2 Ne2+ 22. Kh1 Rxf1+ 23. Rxf1 Nxc3 0-1

[Event "Gibraltar Open"]
[Site "Caleta ENG"]
[Date "2012.01.25"]
[Round "2.82"]
[White "Arvola, Benjamin"]
[Black "Isherwood, Paul"]
[Result "1-0"]
[WhiteElo "2261"]
[BlackElo "2042"]
[WhiteFideId "1506536"]
[BlackFideId "410314"]
[EventDate "2012.01.24"]

1. e4 d6 2. Nf3 Nf6 3. Nc3 e5 4. Bc4 Be7 5. O-O O-O 6. d4 Nbd7 7. Qe2 c6 8. dxe5
dxe5 9. a4 b6 10. b3 a6 11. Bb2 Qc7 12. Nd1 g6 13. Bd3 Bb7 14. Ne3 b5 15. h3 Bd6
16. Ng4 Nxg4 17. hxg4 Rae8 18. Rfd1 Bc8 19. axb5 axb5 20. g5 f5 21. c4 fxe4 22.
Bxe4 Nc5 23. cxb5 cxb5 24. Bd5+ Be6 25. Bxe6+ Rxe6 26. Qxb5 e4 27. Nd4 Nd3 28.
Rxd3 Qf7 29. Rd2 Bh2+ 30. Kh1 Qf4 31. Qd5 Qh4 32. Qxe6+ 1-0

[Event "Gibraltar Open"]
[Site "Caleta ENG"]
[Date "2012.01.25"]
[Round "2.83"]
[White "Valhondo Morales, Ruben"]
[Black "Nuri, Kambez"]
[Result "1-0"]
[BlackTitle "FM"]
[WhiteElo "2046"]
[BlackElo "2256"]
[WhiteFideId "22202692"]
[BlackFideId "1311433"]
[EventDate "2012.01.24"]

1. d4 Nf6 2. c4 e6 3. Nc3 d5 4. cxd5 exd5 5. Bg5 Be7 6. e3 O-O 7. Bd3 Nbd7 8.
Nf3 Re8 9. Qc2 Nf8 10. h3 Ng6 11. g4 c5 12. dxc5 Bxc5 13. O-O-O Be6 14. Nd4 Bb4
15. Bxf6 Qxf6 16. g5 Qxg5 17. f4 Qg3 18. Rde1 Nxf4 19. Bxh7+ Kh8 20. Kb1 Qh4 21.
Bf5 g6 22. Bg4 Nh5 23. Bxe6 fxe6 24. Qxg6 Ng7 25. Ka1 Qh7 26. Rhg1 Rac8 27. Ref1
Rf8 28. Rxf8+ Bxf8 29. Qf6 Re8 30. Nxe6 Rxe6 31. Qxf8+ Qg8 32. Qf4 Re4 33. Nxe4 1-0

[Event "Gibraltar Open"]
[Site "Caleta ENG"]
[Date "2012.01.25"]
[Round "2.84"]
[White "Loew, Gerald"]
[Black "Mortensen, Henrik"]
[Result "1-0"]
[WhiteTitle "FM"]
[WhiteElo "2251"]
[BlackElo "2012"]
[WhiteFideId "4615875"]
[BlackFideId "1401424"]
[EventDate "2012.01.24"]

1. c4 Nf6 2. g3 c6 3. Bg2 d5 4. Nf3 e6 5. Qc2 Be7 6. O-O Nbd7 7. d4 Ne4 8. Nfd2
f5 9. f3 Nxd2 10. Nxd2 Nf6 11. Qd3 O-O 12. e4 b6 13. b3 Ba6 14. Bb2 Qd7 15. Rad1
b5 16. cxd5 cxd5 17. exf5 exf5 18. Rfe1 g6 19. Bf1 Bb4 20. a3 Bd6 21. b4 f4 22.
g4 Rae8 23. h3 Qg7 24. Nb3 Qh6 25. Nc5 Bc8 26. Re5 Qh4 27. Bc3 Bxe5 28. dxe5
Qg3+ 29. Bg2 Nxg4 30. hxg4 1-0

[Event "Gibraltar Open"]
[Site "Caleta ENG"]
[Date "2012.01.25"]
[Round "2.85"]
[White "Ungureanu, Sandu"]
[Black "Byron, Alan M"]
[Result "1-0"]
[WhiteElo "2039"]
[BlackElo "2241"]
[WhiteFideId "1212311"]
[BlackFideId "401773"]
[EventDate "2012.01.24"]

1. e4 c5 2. Nf3 e6 3. c4 Nc6 4. Be2 d6 5. d4 cxd4 6. Nxd4 Nf6 7. Nc3 Be7 8. Be3
O-O 9. Qd2 a6 10. O-O Bd7 11. f3 Rc8 12. Rfd1 Kh8 13. Nxc6 Bxc6 14. b4 Be8 15.
Rab1 Nd7 16. a4 Qc7 17. a5 Ne5 18. Rdc1 Qd7 19. Qa2 f5 20. b5 fxe4 21. Nxe4 Bg6
22. bxa6 bxa6 23. Rb6 Ng4 24. fxg4 Bxe4 25. Rxa6 Bxg2 26. Ra7 Qc6 27. Rxe7 Bh3
28. Bd3 Rf3 29. Qb2 e5 30. Qb7 Qxb7 31. Rxb7 Rxe3 32. a6 Bxg4 33. a7 Bf3 34. Rb8
Rg8 35. c5 dxc5 36. Bc4 1-0

[Event "Gibraltar Open"]
[Site "Caleta ENG"]
[Date "2012.01.25"]
[Round "2.86"]
[White "Vaarala, Eric"]
[Black "Pasanen, Tuomo"]
[Result "1-0"]
[WhiteElo "2238"]
[BlackElo "2008"]
[WhiteFideId "1711962"]
[BlackFideId "508063"]
[EventDate "2012.01.24"]

1. e4 e5 2. Nf3 Nf6 3. d4 Nxe4 4. dxe5 d5 5. Nbd2 Bf5 6. Nxe4 dxe4 7. Qxd8+ Kxd8
8. Ng5 Ke8 9. Bc4 Bg6 10. Bd5 Nc6 11. O-O Nb4 12. Bb3 h6 13. Nh3 e3 14. Bxe3
Bxc2 15. Rfc1 Bxb3 16. axb3 Na6 17. Nf4 c6 18. Bd4 h5 19. Rc4 g5 20. e6 Rh6 21.
exf7+ Kxf7 22. Nd3 Bg7 23. Bxg7 Kxg7 24. Rd4 Rf6 25. Ra5 c5 26. Nxc5 Rc6 27. Nd3
Kh6 28. h4 Rg8 29. Rdd5 Rcg6 30. Ne5 Nc7 31. Rd7 R6g7 32. Nf7+ Kg6 33. Rxc7 Rxf7
34. Rxg5+ Kf6 35. Rxf7+ Kxf7 36. Rxg8 Kxg8 37. f3 1-0

[Event "Gibraltar Open"]
[Site "Caleta ENG"]
[Date "2012.01.25"]
[Round "2.87"]
[White "Suez-Panama, Gilles"]
[Black "Al-Tamimi, Hamad"]
[Result "1/2-1/2"]
[WhiteElo "2034"]
[BlackElo "2237"]
[WhiteFideId "620165"]
[BlackFideId "12100285"]
[EventDate "2012.01.24"]

1. d4 d5 2. Nf3 Nf6 3. c4 e6 4. g3 c6 5. Qc2 Bb4+ 6. Bd2 Be7 7. Bg2 O-O 8. O-O
Nbd7 9. Rd1 b6 10. Bf4 Bb7 11. Nc3 Rc8 12. Rac1 Nh5 13. cxd5 cxd5 14. Qd3 Nxf4
15. gxf4 Bd6 16. e3 Qe7 17. Rc2 a6 18. Rdc1 Rfd8 19. Ne2 Rxc2 20. Rxc2 Rc8 21.
Rxc8+ Bxc8 22. Qc2 Qd8 23. Ne5 Qc7 24. Qxc7 Bxc7 25. Nc3 g6 26. Bf1 Nb8 27. b4
f6 28. Nd3 Kf7 29. Bh3 Bd7 30. a4 Ke7 31. b5 a5 32. Kf1 Be8 33. Ke2 Bf7 34. Bg2
Nd7 35. h3 Kd6 36. e4 dxe4 37. Nxe4+ Ke7 38. Nc3 e5 39. fxe5 fxe5 40. dxe5 Nxe5
41. Nd5+ 1/2-1/2

[Event "Gibraltar Open"]
[Site "Caleta ENG"]
[Date "2012.01.25"]
[Round "2.88"]
[White "Stone, Andrew M"]
[Black "Marley, Andrew S G"]
[Result "1-0"]
[WhiteElo "2237"]
[BlackElo "1889"]
[WhiteFideId "404985"]
[BlackFideId "416975"]
[EventDate "2012.01.24"]

1. c4 c5 2. g3 Nc6 3. Bg2 g6 4. Nc3 Bg7 5. Nf3 Nf6 6. d4 cxd4 7. Nxd4 O-O 8. O-O
Qc7 9. c5 Nb4 10. a3 Na6 11. b4 d5 12. Bb2 Be6 13. Nxe6 fxe6 14. Qb3 b6 15. Bh3
Qe5 16. Nxd5 Qh5 17. Nf4 1-0

[Event "Gibraltar Open"]
[Site "Caleta ENG"]
[Date "2012.01.25"]
[Round "2.89"]
[White "Hamer, Martyn"]
[Black "Rowe, Duane"]
[Result "0-1"]
[BlackTitle "CM"]
[WhiteElo "2010"]
[BlackElo "2236"]
[WhiteFideId "413160"]
[BlackFideId "7400268"]
[EventDate "2012.01.24"]

1. d4 Nf6 2. c4 c5 3. d5 e6 4. Nc3 exd5 5. cxd5 d6 6. e4 g6 7. f4 Bg7 8. Bb5+
Nfd7 9. a4 a6 10. Bd3 Qh4+ 11. g3 Qd8 12. Nf3 O-O 13. O-O Nf6 14. f5 Nbd7 15.
Bg5 Qc7 16. Qd2 c4 17. Bc2 Ng4 18. Kh1 h6 19. Bf4 g5 20. Nxg5 hxg5 21. Bxg5 f6
22. Bf4 Kh7 23. h3 Nh6 24. Be3 Rh8 25. Rf4 Ne5 26. Raf1 Kg8 27. Rh4 Nhf7 28.
Rxh8+ Nxh8 29. Ne2 b5 30. Nd4 c3 31. Qxc3 Qxc3 32. bxc3 Bd7 33. Ra1 Rc8 34. axb5
Bxb5 35. Bd2 Nhf7 36. Kg2 Bh6 37. Bxh6 Nxh6 38. Ba4 Bd3 39. Bc2 Bxc2 40. Nxc2
Ra8 41. Kf2 Nhf7 42. Ke3 a5 43. Kd4 Rc8 44. Na3 Nf3+ 45. Kd3 N7e5+ 46. Ke2 Ng5
47. Nb5 Nxe4 48. Ke3 Rc5 49. Kxe4 Rxb5 50. g4 Rc5 51. Kf4 Rc4+ 52. Kg3 Rxc3+ 53.
Kh4 Rc5 54. Kh5 Kg7 55. Rb1 Nf7 56. Rb7 Rxd5 57. h4 Re5 58. Ra7 d5 59. Rxa5 d4
60. Ra7 Rd5 61. g5 d3 62. g6 Rxf5+ 63. Kg4 Kxg6 0-1

[Event "Gibraltar Open"]
[Site "Caleta ENG"]
[Date "2012.01.25"]
[Round "2.90"]
[White "Dunn, Andrew"]
[Black "Mozelius, Peter"]
[Result "1/2-1/2"]
[WhiteTitle "CM"]
[WhiteElo "2233"]
[BlackElo "1869"]
[WhiteFideId "401960"]
[BlackFideId "1709704"]
[EventDate "2012.01.24"]

1. d4 g6 2. Nf3 Bg7 3. c4 d6 4. Nc3 Nc6 5. g3 e5 6. dxe5 Nxe5 7. Nxe5 Bxe5 8.
Bg2 Bg7 9. O-O Nf6 10. Qc2 O-O 11. Rd1 Qe7 12. h3 Rb8 13. Be3 b6 14. Nb5 a6 15.
Nd4 Bb7 16. Nc6 Bxc6 17. Bxc6 Qe6 18. Kh2 a5 19. Rac1 Nd7 20. Bd5 Qe7 21. b3 Ne5
22. Qd2 Rfe8 23. a3 h5 24. Bg5 Bf6 25. Bxf6 Qxf6 26. Qf4 Kg7 27. Rd2 Re7 28. b4
axb4 29. axb4 Rbe8 30. Qxf6+ Kxf6 31. Ra2 Nd7 32. e3 Nf8 33. Ra6 Rb8 34. Rca1
Ne6 35. Kg2 b5 36. Rc1 bxc4 37. Rxc4 Ke5 38. Bc6 f5 39. Ra5+ Kf6 40. Ra7 Nd8 41.
Bf3 Ne6 42. Bd5 Ke5 43. Bxe6 Kxe6 44. h4 Kf6 45. Kf3 Rb5 46. Ke2 c5 47. Rxe7
Kxe7 48. bxc5 dxc5 49. Rc2 Ke6 50. Kd3 Kd5 51. Rd2 c4+ 52. Kc3+ Kc5 53. Rd8 Rb3+
54. Kc2 Rb6 55. Kc3 Rb3+ 56. Kc2 Rb6 57. Kc3 Rb3+ 58. Kc2 1/2-1/2

[Event "Gibraltar Open"]
[Site "Caleta ENG"]
[Date "2012.01.25"]
[Round "2.92"]
[White "Lind, Jan-Olof"]
[Black "Conflitti, Alessandro"]
[Result "1-0"]
[WhiteElo "2219"]
[BlackElo "1792"]
[WhiteFideId "1701193"]
[BlackFideId "843563"]
[EventDate "2012.01.24"]

1. e4 e6 2. Nf3 c5 3. d3 Nc6 4. g3 g6 5. Bg2 Bg7 6. O-O Nge7 7. c3 O-O 8. Be3 d6
9. Qd2 b5 10. d4 cxd4 11. cxd4 d5 12. e5 Nf5 13. Bg5 f6 14. exf6 Bxf6 15. Bxf6
Qxf6 16. Rd1 Bb7 17. Nc3 a6 18. h4 Rad8 19. Ne2 Nd6 20. Nf4 Ne4 21. Qe3 Nxd4 22.
Qxd4 Qxd4 23. Rxd4 1-0

[Event "Gibraltar Open"]
[Site "Caleta ENG"]
[Date "2012.01.25"]
[Round "2.95"]
[White "Vanparys, Philip"]
[Black "Kleinert, Juergen"]
[Result "0-1"]
[WhiteElo "2174"]
[BlackElo "2004"]
[WhiteFideId "202975"]
[BlackFideId "4659180"]
[EventDate "2012.01.24"]

1. c4 c5 2. g3 Nc6 3. Bg2 Nf6 4. Nc3 e6 5. e4 d6 6. Nge2 Nd4 7. O-O Be7 8. d3
O-O 9. Be3 e5 10. h3 Ne8 11. Bxd4 cxd4 12. Nd5 g5 13. b4 f5 14. exf5 Bxf5 15. g4
Bg6 16. Ng3 Ng7 17. Qb3 Kh8 18. Rfe1 Ne6 19. Be4 Nf4 20. Bxg6 hxg6 21. Nxf4 gxf4
22. Ne4 f3 23. c5 d5 24. Nd2 Bg5 25. Rad1 Be3 26. Nf1 Qh4 27. Rxe3 dxe3 28. Nxe3
d4 0-1

[Event "Gibraltar Open"]
[Site "Caleta ENG"]
[Date "2012.01.25"]
[Round "2.97"]
[White "Salomon, Johan"]
[Black "Allor, Chukwuka"]
[Result "0-1"]
[WhiteElo "2002"]
[BlackElo "2145"]
[WhiteFideId "1509500"]
[BlackFideId "8500908"]
[EventDate "2012.01.24"]

1. Nf3 Nf6 2. c4 g6 3. Nc3 d5 4. cxd5 Nxd5 5. e4 Nxc3 6. dxc3 Qxd1+ 7. Kxd1 Bg7
8. Be3 O-O 9. Kc2 b6 10. Nd2 Bb7 11. a4 Nd7 12. f3 f5 13. Bc4+ Kh8 14. a5 Ne5
15. Be2 f4 16. Bf2 c5 17. Nc4 Ba6 18. Nxe5 Bxe2 19. Rhe1 Bb5 20. Nd3 Rad8 21.
Red1 Rd7 22. Ne1 Rxd1 23. Rxd1 Kg8 24. Rd5 Bc6 25. Rd1 Kf7 26. Nd3 c4 27. Nc1
Ba4+ 28. b3 cxb3+ 29. Nxb3 Rc8 30. Bd4 Rd8 31. Rb1 Bxd4 32. Rd1 e5 33. cxd4 Rxd4
34. Rxd4 exd4 35. axb6 axb6 36. Kb2 Bxb3 37. Kxb3 Ke6 38. Kb4 Ke5 39. Kb3 b5 40.
Kb4 Kd6 41. Kb3 Kc5 42. Kb2 Kc4 43. Kc2 b4 44. Kc1 d3 45. Kd2 b3 46. Kc1 Kc3 47.
e5 b2+ 0-1

[Event "Gibraltar Open"]
[Site "Caleta ENG"]
[Date "2012.01.25"]
[Round "2.99"]
[White "Andersen, Daniel"]
[Black "Kandic, Milan"]
[Result "1/2-1/2"]
[WhiteTitle "FM"]
[WhiteElo "1884"]
[BlackElo "2131"]
[WhiteFideId "1402714"]
[BlackFideId "926752"]
[EventDate "2012.01.24"]

1. c4 d6 2. d4 e5 3. Nf3 Nd7 4. e4 Ngf6 5. Nc3 Be7 6. g3 c6 7. Bg2 O-O 8. O-O
Re8 9. d5 Nc5 10. Ne1 a5 11. Nd3 Nxd3 12. Qxd3 Bd7 13. dxc6 bxc6 14. Rd1 h6 15.
b3 Qc7 16. f4 Rad8 17. h3 Bc8 18. f5 Bb7 19. Ba3 Bf8 20. Qe2 d5 21. Bxf8 Kxf8
22. cxd5 cxd5 23. Nxd5 Nxd5 24. exd5 Bxd5 25. Rac1 Qb6+ 26. Qf2 Qxf2+ 27. Kxf2
Bxg2 28. Kxg2 e4 29. Kf2 Rd3 30. Rxd3 exd3 31. Rd1 Re2+ 32. Kf3 Rxa2 33. Rxd3
Ra3 34. Ke4 Ke7 35. h4 h5 36. Ke3 Kf6 37. Ke4 a4 38. bxa4 Rxa4+ 39. Kf3 Kxf5 40.
Rd5+ Kg6 41. Rd3 Kf6 42. Rb3 Ra5 43. Rc3 Kf5 44. Rb3 f6 45. Rc3 g5 46. hxg5 fxg5
47. Rb3 g4+ 48. Kf2 Ra2+ 49. Kg1 Re2 50. Rb4 Re5 51. Kf2 Ra5 52. Rf4+ Kg5 53.
Rb4 h4 54. gxh4+ Kxh4 55. Rb3 g3+ 56. Kg2 Ra2+ 57. Kg1 Kh3 58. Rb1 Rg2+ 59. Kh1
Re2 60. Kg1 Kg4 61. Rb4+ Kf3 62. Rb3+ Re3 63. Rxe3+ Kxe3 64. Kg2 Kf4 1/2-1/2

[Event "Gibraltar Open"]
[Site "Caleta ENG"]
[Date "2012.01.25"]
[Round "2.102"]
[White "Jameson, David"]
[Black "Neumanova, Monika"]
[Result "1-0"]
[WhiteElo "2077"]
[BlackElo "1696"]
[WhiteFideId "1801538"]
[BlackFideId "323918"]
[EventDate "2012.01.24"]

1. c4 c5 2. Nf3 Nc6 3. Nc3 e6 4. e4 d6 5. d4 cxd4 6. Nxd4 a6 7. Be2 Nf6 8. O-O
Be7 9. Nc2 O-O 10. Kh1 Re8 11. f4 Bf8 12. Bf3 Qc7 13. Qe1 Rb8 14. Be2 b6 15. Be3
Bb7 16. Qf2 Ba8 17. Bd3 Ne7 18. Rac1 d5 19. cxd5 exd5 20. Nb4 dxe4 21. Nxa6 Qb7
22. Bb5 Ng4 23. Qe2 Nf5 24. Nd1 Ngxe3 25. Nxe3 Nd4 26. Qc4 Nxb5 27. Qxb5 Rbc8
28. Nc7 Red8 29. Nxa8 Rxa8 30. a3 Ra5 31. Qb3 Rd3 32. Rc3 Rxc3 33. Qxc3 Rc5 34.
Qd2 Rc8 35. f5 b5 36. f6 g6 37. b4 Bh6 38. Qd4 Qa8 39. Nd5 Rd8 40. Ne7+ Kh8 41.
Qb6 e3 42. Qxb5 Rd2 43. Nc6 Rc2 44. Rd1 e2 45. Re1 Rc1 46. Rxc1 Bxc1 47. Qxe2
Qxc6 48. Qe7 Qc8 49. Qxf7 Bh6 50. h4 Qf8 51. Qe7 Kg8 52. Qe6+ Qf7 53. Qc6 Be3
54. Qc8+ Qf8 55. Qe6+ Qf7 56. Qxe3 Qxf6 57. g3 Qa1+ 58. Kg2 Qa2+ 59. Kh3 Qa1 60.
Qb3+ 1-0

[Event "Gibraltar Open"]
[Site "Caleta ENG"]
[Date "2012.01.25"]
[Round "2.104"]
[White "Carlsten, Peter"]
[Black "Riiser, Samuel"]
[Result "1-0"]
[WhiteElo "2030"]
[BlackElo "1827"]
[WhiteFideId "1705067"]
[BlackFideId "1509470"]
[EventDate "2012.01.24"]

1. e4 c5 2. Nf3 d6 3. d4 cxd4 4. Nxd4 Nf6 5. Nc3 a6 6. Bg5 e6 7. Qf3 Nbd7 8.
O-O-O Qc7 9. Qg3 Be7 10. h4 b5 11. Bxb5 axb5 12. Ndxb5 Qc6 13. Nxd6+ Bxd6 14.
Qxd6 Qxd6 15. Rxd6 Ke7 16. Rd2 h6 17. Bf4 Bb7 18. Bd6+ Ke8 19. f3 Nb6 20. b3 Rc8
21. Nb5 Nfd7 22. Bb4 Rc6 23. Nd6+ Rxd6 24. Rxd6 1-0

[Event "Gibraltar Open"]
[Site "Caleta ENG"]
[Date "2012.01.25"]
[Round "2.106"]
[White "Magar, Johannes"]
[Black "Leimeister, Winfried"]
[Result "1-0"]
[WhiteElo "2088"]
[BlackElo "1918"]
[WhiteFideId "4648943"]
[BlackFideId "24653721"]
[EventDate "2012.01.24"]

1. e4 c5 2. Nf3 g6 3. c3 d5 4. e5 Nc6 5. d4 Bg4 6. Nbd2 cxd4 7. cxd4 Qa5 8. b4
Bxf3 9. Nxf3 Qxb4+ 10. Bd2 Qb6 11. Rb1 Qc7 12. Qb3 e6 13. Qxb7 Qxb7 14. Rxb7
Nge7 15. Bb5 a6 16. Rxe7+ 1-0

[Event "Gibraltar Open"]
[Site "Caleta ENG"]
[Date "2012.01.25"]
[Round "2.107"]
[White "Eriksen, Magnus"]
[Black "Lundback, Karl"]
[Result "1-0"]
[WhiteElo "2076"]
[BlackElo "1907"]
[WhiteFideId "1509764"]
[BlackFideId "1716026"]
[EventDate "2012.01.24"]

1. Nf3 Nf6 2. c4 c5 3. g3 g6 4. Bg2 Bg7 5. O-O O-O 6. Nc3 Nc6 7. d4 cxd4 8. Nxd4
Nxd4 9. Qxd4 d6 10. Qd3 Nd7 11. b3 Nc5 12. Qd2 Bf5 13. Bb2 Qc8 14. Rae1 Bh3 15.
Nd5 Kh8 16. Nxe7 Qe6 17. Bxg7+ Kxg7 18. Qd4+ f6 19. Nd5 Bxg2 20. Kxg2 Qe5 21.
Qxe5 dxe5 22. Rd1 Rf7 23. Nc3 b6 24. Rd2 Rd7 25. Rxd7+ Nxd7 26. Rd1 Nf8 27. Nb5
Kf7 28. e3 Ke7 29. Kf3 Ne6 30. h4 a6 31. Nc3 Nc7 32. Na4 Rb8 33. c5 b5 34. Nb6
Rd8 35. Rxd8 Kxd8 36. Ke4 Ke7 37. Nd5+ 1-0

[Event "Gibraltar Open"]
[Site "Caleta ENG"]
[Date "2012.01.25"]
[Round "2.108"]
[White "Van Diermen, Arie"]
[Black "Nilsson, Lars Kjoller"]
[Result "0-1"]
[WhiteElo "1904"]
[BlackElo "2036"]
[WhiteFideId "1009710"]
[BlackFideId "1402544"]
[EventDate "2012.01.24"]

1. e4 c5 2. Nc3 d6 3. g3 Nc6 4. Bg2 Nf6 5. f4 Qc7 6. Nf3 e6 7. d3 Be7 8. O-O O-O
9. h3 a6 10. a4 b6 11. g4 Nd7 12. f5 Nde5 13. Nxe5 Nxe5 14. Bf4 Bb7 15. Qe1 Qd8
16. Qd2 h6 17. Rae1 Bg5 18. Bxg5 Qxg5 19. Qxg5 hxg5 20. Re2 Bc6 21. Ref2 b5 22.
b3 bxa4 23. bxa4 Rfb8 24. Kh2 a5 25. Kg3 Rb4 26. Ra1 Rb2 27. Nd1 Rb4 28. Nc3
Rab8 29. h4 gxh4+ 30. Kxh4 exf5 31. gxf5 d5 32. Re1 dxe4 33. Bxe4 Bxe4 34. Rxe4
Rd8 35. Kg3 f6 36. Rff4 Nxd3 37. cxd3 Rxd3+ 38. Rf3 Rxc3 39. Rxc3 Rxe4 40. Rxc5
Rxa4 41. Rc8+ Kh7 42. Ra8 Kh6 43. Ra7 Kg5 44. Rxg7+ Kxf5 45. Kf3 Rb4 46. Ra7 a4
47. Ra5+ Kg6 48. Ra6 Kg5 49. Ra8 Rb3+ 50. Kf2 a3 51. Ra5+ f5 52. Ra8 Rb2+ 53.
Kf3 Rb3+ 54. Kf2 Kg4 55. Ra4+ f4 56. Ra8 Rb2+ 57. Kf1 a2 0-1

[Event "Gibraltar Open"]
[Site "Caleta ENG"]
[Date "2012.01.25"]
[Round "2.109"]
[White "Lam, Daniel King-wai"]
[Black "Boesch, Heinz"]
[Result "1-0"]
[WhiteElo "2022"]
[BlackElo "1904"]
[WhiteFideId "6001238"]
[BlackFideId "4673824"]
[EventDate "2012.01.24"]

1. d4 d5 2. c4 e6 3. Nc3 c5 4. cxd5 exd5 5. Nf3 Nc6 6. g3 Nf6 7. Bg2 Be7 8. O-O
O-O 9. Bg5 c4 10. Ne5 Be6 11. Qd2 Qa5 12. Nxc6 bxc6 13. Nxd5 Qd8 14. Nxe7+ Qxe7
15. Bxc6 Rac8 16. Bg2 h6 17. Bxf6 Qxf6 18. d5 Rfd8 19. e4 Bg4 20. f3 Bh5 21.
Rac1 Qb6+ 22. Kh1 Bg6 23. Rfd1 Qd6 24. Qd4 Qa6 25. a3 f5 26. e5 Bf7 27. f4 Qb5
28. d6 Kh7 29. Qxa7 Bh5 30. Rd2 c3 31. bxc3 Rc5 32. Qb7 Qa4 33. Qb4 Qa7 34. Rb1
Ra5 35. Qd4 Rc5 36. a4 Rb8 37. Rxb8 Qxb8 38. Qxc5 1-0

[Event "Gibraltar Open"]
[Site "Caleta ENG"]
[Date "2012.01.25"]
[Round "2.110"]
[White "Pietinen, Pekka"]
[Black "Henrichsen, Jens"]
[Result "1-0"]
[WhiteElo "2008"]
[BlackElo "1901"]
[WhiteFideId "502545"]
[BlackFideId "1401858"]
[EventDate "2012.01.24"]

1. e4 e6 2. d4 d5 3. Nc3 Nf6 4. e5 Nfd7 5. Nce2 c5 6. f4 Nc6 7. Nf3 Be7 8. Be3
O-O 9. g3 f6 10. exf6 Bxf6 11. c3 c4 12. Bh3 Nb6 13. Qc2 Bd7 14. O-O Nc8 15. g4
g6 16. Ne5 Nd6 17. Ng3 Bg7 18. Rae1 Qe7 19. Bc1 Nxe5 20. dxe5 Nf7 21. g5 b5 22.
Nh1 a5 23. Nf2 b4 24. Ng4 Nd8 25. Nf6+ Kh8 26. Bg2 Rb8 27. Rf3 Bxf6 28. gxf6 Qf7
29. Qf2 bxc3 30. bxc3 Nc6 31. h4 h5 32. Be3 Rb5 33. Bd4 Rfb8 34. Qe3 Kh7 35. Rf2
a4 36. Kh2 a3 37. Bc5 Rb2 38. Bxa3 d4 39. cxd4 Rxf2 40. Qxf2 Nb4 41. Bxb4 Rxb4
42. Qd2 Qf8 43. Be4 Qb8 44. Re2 1-0

[Event "Gibraltar Open"]
[Site "Caleta ENG"]
[Date "2012.01.25"]
[Round "2.111"]
[White "Knudsen, Jes West"]
[Black "Becker, Carsten"]
[Result "0-1"]
[WhiteElo "1892"]
[BlackElo "2001"]
[WhiteFideId "1405985"]
[BlackFideId "24646822"]
[EventDate "2012.01.24"]

1. e4 e6 2. Nc3 c5 3. Nf3 d5 4. Bb5+ Nc6 5. Bxc6+ bxc6 6. O-O Nf6 7. e5 Nd7 8.
Re1 Be7 9. d4 O-O 10. dxc5 Bxc5 11. Nd4 Qh4 12. Nce2 Ba6 13. Nf4 g5 14. g3 Qh6
15. Ng2 Qg7 16. f4 f6 17. Kh1 Bxd4 18. Qxd4 fxe5 19. Qc3 c5 20. Qa5 Bb7 21. Qc7
Rab8 22. fxe5 d4 23. Bxg5 Rf2 24. Rg1 Bd5 25. Bf6 Qf7 26. b3 Rf8 27. Qxa7 Nxf6
28. Qxf7+ Rxf7 29. exf6 R7xf6 30. h4 Rxc2 0-1

[Event "Gibraltar Open"]
[Site "Caleta ENG"]
[Date "2012.01.25"]
[Round "2.112"]
[White "Spanton, Tim R"]
[Black "Zaky, Tamir"]
[Result "1-0"]
[WhiteElo "1984"]
[BlackElo "1882"]
[WhiteFideId "404802"]
[BlackFideId "651451"]
[EventDate "2012.01.24"]

1. d4 Nf6 2. Nc3 e6 3. e4 Bb4 4. Bd3 d5 5. e5 Ne4 6. Ne2 Nxc3 7. bxc3 Be7 8. O-O
c5 9. Ng3 c4 10. Be2 Nd7 11. f4 Qa5 12. Bd2 g6 13. Rf3 b5 14. Nf1 h5 15. Ne3 Ba3
16. Rh3 Bb7 17. Bf3 Bb2 18. Rb1 Bxc3 19. Nxc4 bxc4 20. Bxc3 Qxc3 21. Rxb7 Qe3+
22. Kh1 Qxf4 23. c3 Nb6 24. a4 O-O 25. a5 Nc8 26. Bxh5 a6 27. Rg3 Kh8 28. Bxg6
fxg6 29. Rf3 Qh6 30. Rh3 Qxh3 31. gxh3 Ra7 32. Qb1 Rf1+ 33. Qxf1 Rxb7 34. Qf8+
Kh7 35. Qxc8 1-0

[Event "Gibraltar Open"]
[Site "Caleta ENG"]
[Date "2012.01.25"]
[Round "2.113"]
[White "Bernula, Istvan"]
[Black "Obiamiwe, Paul"]
[Result "1-0"]
[WhiteElo "1880"]
[BlackElo "1982"]
[WhiteFideId "745499"]
[BlackFideId "8500215"]
[EventDate "2012.01.24"]

1. e4 c5 2. Nf3 d6 3. c3 Nf6 4. Bd3 Nc6 5. h3 g6 6. Bc2 Bg7 7. O-O O-O 8. d4
cxd4 9. cxd4 Nb4 10. Bb3 b6 11. Nc3 Ba6 12. Re1 Nd3 13. Re3 Nxc1 14. Rxc1 Bh6
15. e5 Bxe3 16. fxe3 dxe5 17. Nxe5 Rc8 18. Qe1 Kg7 19. Qh4 Qd6 20. Rc2 e6 21.
Rf2 Qd8 22. g4 h6 23. g5 hxg5 24. Qxg5 Bb7 25. Bxe6 fxe6 26. Qxg6+ Kh8 27. Qh6+
Nh7 28. Rxf8+ Qxf8 29. Ng6+ Kg8 30. Nxf8 Nxf8 31. Qg5+ Kf7 32. Qf4+ Ke7 33. Qe5
Kf7 34. Nb5 Rc1+ 35. Kf2 Rc2+ 36. Ke1 Bh1 37. Nd6+ Ke7 38. Qg7+ Kxd6 39. Qxf8+
Kd7 40. Qg7+ Kc6 41. Kd1 Rg2 42. Qe5 Kd7 43. Kc1 a6 44. h4 Re2 45. h5 Bd5 46. h6
Bxa2 47. h7 Bb3 48. h8=Q Rc2+ 49. Kb1 1-0

[Event "Gibraltar Open"]
[Site "Caleta ENG"]
[Date "2012.01.25"]
[Round "2.114"]
[White "Mihajlov, Sebastian"]
[Black "Jernselius, Kjell"]
[Result "1-0"]
[WhiteElo "1974"]
[BlackElo "1858"]
[WhiteFideId "1512110"]
[BlackFideId "1712217"]
[EventDate "2012.01.24"]

1. d4 g6 2. c4 Bg7 3. Nc3 d6 4. e4 Nc6 5. Be3 e5 6. d5 Nce7 7. Bd3 f5 8. f3 Nf6
9. Nge2 fxe4 10. Nxe4 Nf5 11. Bf2 O-O 12. O-O Nxe4 13. fxe4 Nh6 14. h3 Bf6 15.
c5 Bd7 16. cxd6 cxd6 17. Qb3 b6 18. Qa3 Nf7 19. Rac1 Bg5 20. Rc2 Bc8 21. Nc3 a6
22. Na4 Rb8 23. Nxb6 Bxh3 24. gxh3 Rxb6 25. Bxb6 Qxb6+ 26. Kg2 Bf4 27. Qxa6 Qd8
28. Be2 Qh4 29. Qd3 Ng5 30. Rc3 h5 31. b4 Nh7 32. b5 Qg5+ 33. Kh1 Kg7 34. b6 Rb8
35. Rc7+ Kh6 36. b7 Be3 37. Bf3 Bb6 38. Qc3 Qg3 39. Bg2 Qh4 40. Qc6 Bxc7 41.
Qxc7 Qd8 42. Qxd8 Rxd8 43. Rb1 Rb8 44. a4 Nf6 45. a5 1-0